| 000 | 00942nam a2200217 i 4500 | ||
|---|---|---|---|
| 001 | bg | ||
| 245 | 0 | 0 |
_aProgramy komputerowe w geologii : _bII Warsztaty Naukowe, Sosnowiec, 15 i 16 października 1998 : materiały konferencyjne / _cPaństwowy Instytut Geologiczny Oddział Górnośląski, Sekcja Geologii Matematycznej i Geoinformatyki Polskiego Towarzystwa Geologicznego. |
| 260 |
_aSosnowiec : _b[PIG ; PTG], _c1998. |
||
| 300 |
_a90 s. : _bmapy, rys., wykr. ; _c24 cm. |
||
| 504 | _aBibliogr. przy ref. | ||
| 650 | 9 |
_aProgramy komputerowe _xstosowanie _xgeologia |
|
| 650 | 9 |
_aGeologia _xautomatyzacja |
|
| 655 | _aMateriały konferencyjne | ||
| 710 | 0 |
_aPaństwowy Instytut Geologiczny _bOddział Górnośląski |
|
| 710 | 0 |
_aPolskie Towarzystwo Geologiczne _bSekcja Geologii Matematycznej i Geoinformatyki |
|
| 040 | _cBPK | ||
| 041 | 0 | _apl | |
| 080 | _a55:004.42](061) | ||
| 942 | _cKS | ||
| 008 | s pl f |000 0 pol | ||
| 999 |
_c33766 _d33766 |
||
| 856 |
_uhttp://koha.tu.koszalin.pl/cgi-bin/koha/opac-detail.pl?biblionumber=33766 _yKatalog online BPK |
||